• 首页
  • 本馆介绍
  • 公告通知
  • 最新文献
  • 馆藏检索
  • 电子资源
  • 读者导购
  • 参考咨询
  • 我的图书馆
  • 登录
  • 详细信息显示
  • 放入我的书架
  • 预约/预借图书
  • 作者相关作品
  • 分类相关作品
  • 丛书相关作品
  • 出版社相关作品

书目信息

  • 表格格式
  • 工作单格式
  • 卡片格式
题名:
情感化设计
    
 
作者: 诺曼 著 ;付秋芳 , 程进三 译
分册:  
出版信息: 北京   电子工业出版社  2005
页数: 40,206页
开本: 21×19cm
丛书名:
单 册:
中图分类: TB472
科图分类:
主题词: 工业产品--设计
电子资源:
ISBN: 7-121-00940-4
000 01050nam0 2200277 450
000 01227nam0 2200301 45
001 TS-165780
005 20061220142741.15
010    @a7-121-00940-4@dCNY36.00
100    @a20060829d2005 em y0chiy0110 ea
101 1  @achi@ceng
102    @aCN@b110000
105    @aa z 000yy
200 1  @a情感化设计@Aqing gan hua she ji@f(美)Donald A.Norman著@F( Mei )Donald A.Norman Zhu@g付秋芳,程进三译
210    @a北京@c电子工业出版社@d2005
215    @a40,206页@c照片@d21×19cm
305    @aApress L.P.公司授权出版
330    @a本书阐述了情感在设计中所处的重要地位与作用,深入分析了如何将情感效果融入产品的设计中,列举了非常丰富的事例,从日常家用电器到电脑,从个人网站到电子邮件等。
510 1  @aEmotional Design: Why We Love (or Hate) Everyday Things@zeng
606 0  @a工业产品@y设计
690    @aTB472@v4
701  0 @c(美)@a诺曼@Anuo man@c(Norman, Donald A.)@4著
702  0 @a付秋芳@Afu qiu fang@4译
702  0 @a程进三@Acheng jin san@4译
801  0 @aCN@b中图数据@c20061220
905    @a10447@dTB472@e139
    
    情感化设计/(美)Donald A.Norman著/付秋芳,程进三译.-北京:电子工业出版社,2005
    40,206页:照片;21×19cm
    
    
    ISBN 7-121-00940-4:CNY36.00
    本书阐述了情感在设计中所处的重要地位与作用,深入分析了如何将情感效果融入产品的设计中,列举了非常丰富的事例,从日常家用电器到电脑,从个人网站到电子邮件等。
●
相关链接 在E读中查询图书 在五车中查询图书 在当当中查询图书 在豆瓣中查询图书


正题名:情感化设计     索取号:TB472/139         预约/预借

序号 登录号 条形码 馆藏地/架位号 状态 备注
1 0617980   206179801   第二样本阅览室/ [索取号:TB472/139] 在馆    
2 0617981   206179810   第三借阅区/ [索取号:TB472/139] 在馆    
3 0617982   206179829   第三借阅区/ [索取号:TB472/139] 在馆    
4 0617983   206179838   密集书库/ [索取号:TB472/139] 在馆    
5 0617984   206179847   密集书库/ [索取号:TB472/139] 在馆    
6 0617985   206179856   第三借阅区/ [索取号:TB472/139] 在馆    
7 0617986   206179865   密集书库/ [索取号:TB472/139] 在馆    
唐山师范学院图书馆 欢迎您!
大连网信软件有限公司© 版权所有